000 01157nam a22003497a 4500
003 CHAP
005 20220329133059.0
008 971013s1991 r 00010 d
010 _a1922
011 _a2894
035 _a2094
040 _cCHAP
090 _aTesis
100 0 0 _aRamírez Arias, José Armando.
_993875
245 _aEstudio de tiempo, rendimientos y costos en operación de arrime con equipo sulky
260 _aChapingo, Méx. :
_bEl Autor,
_c1991
300 _a81 h.
500 _aD43-203
502 _aTesis (Ing. Agr. Esp. en Bosques) -- UACH. División de Ciencias Forestales
590 _aALEPH
_b10
_c20130110
_lUCH01
_h1210
590 _aBATCH-UPD
_b10
_c20130110
_lUCH01
_h1943
590 _aBATCH-UPD
_b10
_c20130410
_lUCH01
_h1306
590 _aBATCH-UPD
_b10
_c20130914
_lUCH01
_h1739
590 _aCONVERSION
_b10
_c20130109
_lUCH01
_h1302
650 1 4 _aMadera
_xTransporte.
_969633
650 1 4 _aMaquinaria forestal.
_971212
901 _aBK
942 _cFOLL
949 _bBC
_cTES
_d-11592
_eTS1
_h23993
_i2094
_si
949 _bBC
_cTES
_d-70460
_eTS2
_fc.2
_h23994
_i2094
_si
949 _bBC
_cTES
_d-70461
_eTS2
_fc.3
_h23995
_i2094
_si
999 _c1922
_d1922